000 00201 a2200097 4500
001 46143
100 _aHye,
245 _aAll Asia Guide
260 _aHongkong
_bF E E Review
_c
090 _c29246
_d29246
942 _aNUST-CAE
_cM
_c21387
999 _c281216
_d281216